| 000 | 00497nam a22001937a 4500 | ||
|---|---|---|---|
| 003 | CEME | ||
| 005 | 20210628203047.0 | ||
| 008 | 210120b xxu||||| |||| 00| 0 eng d | ||
| 020 | _a0-471-69867-9 | ||
| 040 | _c. | ||
| 082 | _a621.47 DUF | ||
| 100 |
_aDuffie, John.A, Beckman, William.A _963096 |
||
| 245 | _aSolar engineering of thermal processes | ||
| 250 | _a3RD | ||
| 260 |
_aUSA _bNUST,COLLEGE OF EME _c2006 |
||
| 300 | _aXIX,908P | ||
| 650 |
_aSOLAR ENERGY. _921410 |
||
| 942 |
_cBK _2ddc |
||
| 999 |
_c572028 _d572028 |
||